Countries with embassies and consulates in Dominica - Statistics

General Stats
  • This quiz has been taken 22 times
  • The average score is 10 of 12
Answer Stats
Continent Country % Correct
North America Canada
100%
Europe France
100%
South America Brazil
90%
North America Cuba
90%
Europe United Kingdom
90%
Asia China
86%
South America Guyana
86%
South America Venezuela
86%
Europe Belgium
81%
North America Jamaica
76%
Europe the Netherlands
71%
Europe Sweden
57%
No matching quizzes found
Score Distribution
Percent of People with Each Score
Percentile by Number Answered
Your Score History
You have not taken this quiz